000 00295nam a22001337a 4500
008 170928b xxu||||| |||| 00| 0 eng d
020 _a9780077437947
041 _aeng
080 _28TH
_a37
100 _a47
101 _aEDU
245 _aEFFECTIVE PRESENTATIONS
_cMORGAN,M
942 _2udc
_cBK
999 _c30523
_d30523